Compendium salmanticense (Record no. 8542)
[ view plain ]
| 000 -CABECERA | |
|---|---|
| campo de control de longitud fija | 02096nam a2200265 a 4500 |
| 001 - NÚMERO DE CONTROL | |
| campo de control | BRCA_8891 |
| 005 - FECHA Y HORA DE LA ÚLTIMA TRANSACCIÓN | |
| campo de control | 20190320210440.0 |
| 008 - DATOS DE LONGITUD FIJA--INFORMACIÓN GENERAL | |
| campo de control de longitud fija | 150617s1791----sp-#######---#000-0#lat-# |
| 041 ## - CÓDIGO DE LENGUA | |
| Código de lengua del texto/banda sonora o título independiente | lat |
| 084 ## - OTRO NÚMERO DE CLASIFICACIÓN | |
| Número de clasificación | CO50 |
| Número de documento/Ítem | .A58 1791 |
| 100 1# - ENTRADA PRINCIPAL--NOMBRE DE PERSONA | |
| Nombre de persona | Antonio de San Joseph (O.C.D.) |
| 9 (RLIN) | 22124 |
| 245 10 - MENCIÓN DE TÍTULO | |
| Título | Compendium salmanticense |
| Resto del título | in duos tomos distributum: universae theologiae moralis quaestiones Brevi, ac perspicuo stylo complectens ad saniorem doctrinam melioremque methodum prae antiquo cursu redactum: duce Angelico Praeceptore bullis, ac pontificum decretis praesertim novissimis auctum, & illustratum |
| Mención de responsabilidad, etc. | authore R.P.F. Antonio A San Joseph; Tomus primus; Editio quarta. |
| 250 ## - MENCIÓN DE EDICIÓN | |
| Mención de edición | 4a ed. |
| 260 ## - PUBLICACIÓN, DISTRIBUCIÓN, ETC. | |
| Lugar de publicación, distribución, etc. | Pampebre |
| Nombre del editor, distribuidor, etc. | Apud Benedictum Cosculluella, el Joseph Longas |
| Fecha de publicación, distribución, etc. | 1791 |
| 300 ## - DESCRIPCIÓN FÍSICA | |
| Extensión | XX, 600 p. (t.1) |
| Dimensiones | 29.5 x 20 cm |
| 500 ## - NOTA GENERAL | |
| Nota general | Superiorum permissu |
| 500 ## - NOTA GENERAL | |
| Nota general | En portada: Ab codem Authore novissime correcta, & quibusdam additionibus scitu dignis locupletata |
| 500 ## - NOTA GENERAL | |
| Nota general | Estado físico: presenta encuadernación en pergamino con presencia del pez de plata y lomo desprendido |
| 500 ## - NOTA GENERAL | |
| Nota general | Con marca de fuego: “Procedencia de la marca: Colegio de Nuestra Señora del Carmen de Valladolid (Morelia, Michoacán) (1). Institución: Orden de Carmelitas Descalzos. Provincia de San Alberto de México. Descripción: Variación sobre las armas de la Orden del Monte Carmelo. Un mantel sumado de una cruz cargado de una estrella. Al timbre, corona real abierta. Observaciones: Saavedra y Carlos Krausse incluyen una marca muy parecida, pues carece del elemento descrito como borla o estrella que se relaciona como un pendón, ellos la atribuyen al Convento del Carmen de Valladolid, hoy Morelia. Ubicación de la marca en el libro: Canto superior” |
| 650 14 - PUNTO DE ACCESO ADICIONAL DE MATERIA--TÉRMINO DE MATERIA | |
| Término de materia o nombre geográfico como elemento de entrada | Ética cristiana |
| Subdivisión cronológica | Obras anteriores a 1800 |
| 9 (RLIN) | 22125 |
| 650 14 - PUNTO DE ACCESO ADICIONAL DE MATERIA--TÉRMINO DE MATERIA | |
| Término de materia o nombre geográfico como elemento de entrada | Iglesia católica |
| Subdivisión cronológica | Obras anteriores a 1800 |
| 9 (RLIN) | 22126 |
| 856 ## - LOCALIZACIÓN Y ACCESO ELECTRÓNICOS | |
| Nombre del host | http://www.marcasdefuego.buap.mx:8180/xmLibris/projects/firebrand/item.jsp?repository=marcas_de_fuego&key=marcas_de_fuego_carmelitas_20151127110131_2025.xml&num=32 |
| 902 ## - CATALOGADOR | |
| Iniciales | CFM |
| 942 ## - ELEMENTOS DE PUNTO DE ACCESO ADICIONAL (KOHA) | |
| Fuente del sistema de clasificación o colocación | Library of Congress Classification |
| Tipo de ítem Koha | Libros |
| Estado de retiro | Estado de pérdida | Estado dañado | No para préstamo | Localización permanente | Ubicación/localización actual | Fecha de adquisición | Total de préstamos | Signatura topográfica completa | Código de barras | Fecha visto por última vez | Precio válido a partir de | Tipo de ítem Koha |
|---|---|---|---|---|---|---|---|---|---|---|---|---|
| El ejemplar forma parte de la colección y puede ser consultado según las políticas vigentes. | Biblioteca del Museo Franz Mayer (Rogerio Casas-Alatriste) | Biblioteca del Museo Franz Mayer (Rogerio Casas-Alatriste) | 15/06/2017 | CO50 .A58 1791 | CFM00214 | 22/03/2019 | 22/03/2019 | Libros |